Представление документа в формате RUSMARC

ПолеНазваниеЗначение
  Тип записи a
  Библиографический уровень m
001 Контрольный номер 3b6b37c6fe3b4bd797597cfed58c32eb
005 Дата корректировки 20151215144037.2
010 Индекс ISBN __
a ISBN 978-5-16-005597-8
010 Индекс ISBN __
a ISBN 978-5-16-100492-0
101 Язык документа 0_
a Язык текста rus
102 Страна публикации __
a Страна публикации RU
200 Заглавие и сведения об ответственности 1_
a Заглавие Налоговый менеджмент и налоговое планирование в России
b Общее обозначение материала Текст
e Сведения, относящиеся к заглавию монография
f Первые сведения об ответственности Е.Н. Евстигнеев, Н.Г. Викторова
210 Выходные данные 1_
a Место издания Москва
c Издательство ИНФРА-М
d Дата издания 2014
215 Физическое описание __
a Объем 270 с.
225 Серия 2_
a Серия Научная мысль
610 Ключевые слова 0_
a Ключевые слова налоговый менеджмент
a Ключевые слова налоговое планирование
610 Ключевые слова 0_
a Ключевые слова налогообложение
610 Ключевые слова 0_
a Ключевые слова монография
686 Индексы других классификаций __
a Классификационный индекс 65.9(2)261.413
700 Автор _1
a Фамилия Евстигнеев
b Имя Е. Н.
g Полное личное имя Евгений Николаевич
701 Альтернативная интеллектуальная ответственность _1
a Фамилия Викторова
b Имя Н. Г.
g Полное личное имя Наталья Геннадьевна
e Роль лиц Автор
801 Источник записи _0
a Страна RU
b Организация РУК
g Правила каталогизации PSBO
801 Источник записи _1
a Страна RU
b Организация РУК
c Дата составления 20151127
g Правила каталогизации PSBO
852 Данные о местонахождении __
i Авторский знак Е 25
j Шифр хранения ББК 65.9(2)26
901 Тип документа __
t Тип документа m
937 Технологическая информация __
a Создатель записи (имя) Мясникова
938 Служебная информация __
a Название организации Головной вуз
952 Тип литературы __
c Вид литературы монография